000 00542nam a22001817a 4500
999 _c10589
_d10589
003 AR-CdUCM
008 190401b ||||| |||| 00| 0 spa d
040 _aMUNICIPALIDAD PROVINCIAL DEL CUSCO
_cBIBLIOTECA MUNICIPAL DEL CUSCO
082 _aES / 800 /
_bM28
100 _aMatto de Turner, Clorinda
_9719
245 _aAves sin nido /
260 _aLima :
_bFondo editorial navarrete,
300 _a254 paginas ;
_c15 cm.
505 _aContenido :Aves sin nido.
650 _aLiteratura peruana
_9169
942 _2ddc
_cLIBROS
945 _arum